APUSH Period 8: Chapter 27 - Statistics

General Stats
  • This quiz has been taken 26 times
  • The average score is 5 of 25
Answer Stats
Hint Answer % Correct
Another name for black segregation, common in all aspects of life in Southern states Jim Crow
74%
Led the Montgomery Bus Boycott, "I Have a Dream" speech, March on Washington, became national spokesperson for blacks Martin Luther King Jr.
65%
NAACP member, refused to give up her seat on a bus for a white man, sparked a boycott Rosa Parks
61%
Black Muslim who preached a philosophy of militant separatism, wanted to strengthen Black community Malcolm X
52%
250k people gather at the Lincoln Memorial, MLK gives "I Have a Dream Speech", blacks and whites march together March on Washington
35%
Boycotted after Rosa Parks gets arrested, endorsed by MLK, plan made by a local black women's organization Montgomery Bus Boycott
35%
Outlawed discrimination in employment on the basis of race, religion, origin, or sex, guarantees equal access Civil Rights Act of 1964
30%
Organized by Ella Baker to facilitate student "sit-ins", drew black college students into significant numbers for the first time Student Nonviolent Coordinating Committee
30%
Organization made by Chavez, a union of migrant works who wanted better rights. 1965 grape picker strike, led to a national boycott of grapes. United Farm Workers
26%
Among the first young activist to work for the CSO, later founded UFW and went on a hunger strike Cesar Chavez
17%
Embraced concept of "Red Power", staged escalating protests to draw attention to Indian concerns American Indian Movement
13%
Militant organization that opposed the Vietnam War and declared affinity for 3rd World revolutionary movements, members undertook community-organizing projects Black Panther Party
13%
Formed by MLK + Ralph Abernathy, based in Atlanta, joined battle for racial justice Southern Christian Leadership Conference
13%
Ranged from pride in a black community to total separatism Black Nationalism
9%
Most prominent black trade Union, called for 1941 March of Washington, led by A. Philip Randolph Brotherhood of Sleeping Car Porters
9%
Thurgood Marshall argues that segregation was unconstitutional because it denied blacks equal protection mentioned in the 14th Amendment Brown vs. Board of Education of Topeka
9%
NAACP member, developed strategies to strike against segregation, used Ninth Circuit Court decisions to challenge racial inequality Thurgood Marshall
9%
Formed the most prominent black trade Union, called for the 1941 March on Washington A. Philip Randolph
4%
The notion that individuals require state protection from discrimination Rights Liberalism
4%
Led SNCC and CORE activitiesto call for black self-reliance, becoming known as "Black Power" Stokely Carmichael
4%
WWII veterans protest poor treatment of Mexican-American soldiers/veterans American GI Forum
0%
1964 Freedom Summer, banned from "whites only" Mississippi Democratic Party, tried to represent Mississippi at the Democratic National Convention in Atlantic City Mississippi Freedom Democratic Party
0%
Formed by Southern White Democrats, led by Strom Thurgood, showed an internal stuggle in Democratic Party, trouble with civil rights States' Rights Democratics Party
0%
Written by Presidental Committee of Civil Rights, called for federal action to ensure equality for African Americans "To Secure These Rights"
0%
Sought self-determination for Puerto Ricans, wanted to improve neighborhood conditions Young Lords Organization
0%
No matching quizzes found
Score Distribution
Percent of People with Each Score
Percentile by Number Answered
Your Score History
You have not taken this quiz